000 00687nam a2200289Ia 4500
005 20260324115357.0
008 008 260324s9999 xx 000 0 eng d
020 _a9781003447047
037 _aEBOOK
040 _aCRL
040 _beng
040 _cCRL
041 _2eng
041 _aeng
084 _qCRL
100 _aNancy L. Chick; James Rhem
_91154426
245 0 _aSoTL in Action
245 0 _bIlluminating Critical Moments of Practice
260 _bTaylor and Francis
260 _c2018
365 _a
365 _b230
856 _uhttp://www.taylorfrancis.com/books/9781003447047
942 _cEBOOK
999 _c1745272
_d1745272